Apuntes médico-legales referentes al secreto profesional en España (Record no. 158919)

MARC details
000 -LEADER
campo de control de longitud fija 00651nam a22001575i 4500
001 - NÚMERO DE CONTROL
campo de control 158919
003 - IDENTIFICADOR DE NÚMERO DE CONTROL
campo de control ES-MaACL
005 - FECHA Y HORA DE LA ÚLTIMA TRANSACCIÓN
campo de control 20230906211357.0
008 - DATOS DE LONGITUD FIJA--INFORMACIÓN GENERAL
campo de control de longitud fija 040906s1900 sp |||| | spa d
040 ## - FUENTE DE CATALOGACIÓN
Centro catalogador/agencia de origen CAM
Lengua de catalogación spa
Centro/agencia transcriptor CAM
100 1# - ENTRADA PRINCIPAL--NOMBRE DE PERSONA
Nombre de persona Martín y Menéndez, Antonio.
9 (RLIN) 129611
245 10 - MENCIÓN DEL TÍTULO
Título Apuntes médico-legales referentes al secreto profesional en España
Resto del título : memoria del doctorado /
Mención de responsabilidad, etc. escrita por Antonio Martin y Menéndez.
260 ## - PUBLICACIÓN, DISTRIBUCIÓN, ETC.
Lugar de publicación, distribución, etc. Madrid :
Nombre del editor, distribuidor, etc. [s.n.],
Fecha de publicación, distribución, etc. 1900 (
Fabricante Establ. tipog. de los sucesores de Cuesta)
300 ## - DESCRIPCIÓN FÍSICA
Extensión 43 p. ;
Dimensiones 24 cm.
852 ## - LOCALIZACIÓN
Ubicación ES-MaACL
Número de control de estantería T-1007-F-6
Nota libre -- Enc. hol. conservando la cub. original
-- -- Enc. en un vol. facticio
Holdings
Estatus retirado Estado de pérdida Estado de daño No para préstamo Colección Biblioteca de origen Biblioteca actual Ubicación en estantería Fecha de adquisición Total de préstamos Signatura topográfica completa Código de barras Visto por última vez Precio de reemplazo Tipo de ítem Koha
        Colección de folletos Biblioteca del Ateneo de Madrid Biblioteca del Ateneo de Madrid Depósito folletos 17/01/2008   T-1007-F-6 1166343 23/02/2023 23/02/2023 Folleto